MyGZULibrary

Continuity and development in law and society / (Record no. 9444)

MARC details
000 -LEADER
fixed length control field 01160cam a2200325 a 4500
001 - CONTROL NUMBER
control field 4367292
003 - CONTROL NUMBER IDENTIFIER
control field GZU
005 - DATE AND TIME OF LATEST TRANSACTION
control field 20210615115606.0
008 - FIXED-LENGTH DATA ELEMENTS--GENERAL INFORMATION
fixed length control field 930610s1989 no b 001 0 eng d
010 ## - LIBRARY OF CONGRESS CONTROL NUMBER
LC control number 90142213
020 ## - INTERNATIONAL STANDARD BOOK NUMBER
International Standard Book Number 8200183661 :
Terms of availability £27.50
035 ## - SYSTEM CONTROL NUMBER
System control number (OCoLC)20092789
040 ## - CATALOGING SOURCE
Original cataloging agency Uk
Transcribing agency Uk
Modifying agency FrPIC
-- DLC
042 ## - AUTHENTICATION CODE
Authentication code lccopycat
050 00 - LIBRARY OF CONGRESS CALL NUMBER
Classification number K370
Item number .A858 1989
082 00 - DEWEY DECIMAL CLASSIFICATION NUMBER
Classification number 340/.115
Edition number 21
100 1# - MAIN ENTRY--PERSONAL NAME
Personal name Aubert, Vilhelm.
245 10 - TITLE STATEMENT
Title Continuity and development in law and society /
Statement of responsibility, etc. Vilhelm Aubert.
260 ## - PUBLICATION, DISTRIBUTION, ETC.
Place of publication, distribution, etc. Oslo :
Name of publisher, distributor, etc. Norwegian University Press ;
Place of publication, distribution, etc. Oxford ;
-- New York :
Name of publisher, distributor, etc. Distributed by Oxford University Press,
Date of publication, distribution, etc. c1989.
300 ## - PHYSICAL DESCRIPTION
Extent 463 p. ;
Dimensions 23 cm.
440 #0 - SERIES STATEMENT/ADDED ENTRY--TITLE
Title Scandinavian library
504 ## - BIBLIOGRAPHY, ETC. NOTE
Bibliography, etc. note Includes bibliography (p. [447]-455) and index.
650 #0 - SUBJECT ADDED ENTRY--TOPICAL TERM
Topical term or geographic name entry element Sociological jurisprudence.
650 #0 - SUBJECT ADDED ENTRY--TOPICAL TERM
Topical term or geographic name entry element Law
Geographic subdivision Norway.
651 #0 - SUBJECT ADDED ENTRY--GEOGRAPHIC NAME
Geographic name Norway
General subdivision Social conditions.
856 42 - ELECTRONIC LOCATION AND ACCESS
Materials specified Publisher description
Uniform Resource Identifier <a href="http://www.loc.gov/catdir/enhancements/fy0639/90142213-d.html">http://www.loc.gov/catdir/enhancements/fy0639/90142213-d.html</a>
906 ## - LOCAL DATA ELEMENT F, LDF (RLIN)
a 7
b cbc
c copycat
d 4
e ncip
f 19
g y-gencatlg
942 ## - ADDED ENTRY ELEMENTS (KOHA)
Source of classification or shelving scheme Library of Congress Classification
Koha item type Books
Classification part 370
Item part AUB
Call number prefix K
Call number suffix 1989
Holdings
Withdrawn status Lost status Damaged status Not for loan Collection code Home library Current library Shelving location Date acquired Total Checkouts Full call number Barcode Date last seen Copy number Price effective from Koha item type
        Non-fiction Law Library Law Library General Stacks 06/15/2021   K370 AUB 1989 004528 06/15/2021 c.1 06/15/2021 Books